| 000 | 00843cam a22002531 4500 | ||
|---|---|---|---|
| 999 |
_c128749 _d128749 |
||
| 001 | 10311793 | ||
| 003 | ARRUPE | ||
| 005 | 20190109114439.0 | ||
| 008 | 720919s1962 nyua 000 0 eng | ||
| 010 | _a 62008352 | ||
| 035 | _a(OCoLC)408778 | ||
| 040 |
_aDLC _cOFiC _dOCoLC _dDLC |
||
| 050 | 0 | 0 |
_aDS747.5 _b.C6 |
| 082 | _a951.01 | ||
| 100 | 1 |
_aCottrell, Leonard. _928901 |
|
| 245 | 1 | 4 |
_aThe Tiger of Chʻin; _bhow China became a Nation _cLeonard Cottrell |
| 260 |
_aLondon _bPan Books Ltd. _c1962 |
||
| 300 |
_a206 p. ; _billus. _c22 cm. |
||
| 600 | 0 | 0 |
_aQin shi huang, _cEmperor of China, _d259 B.C.-210 B.C. _943912 |
| 651 | 0 |
_aChina _xHistory _yQin dynasty, 221-207 B.C. _943913 |
|
| 906 |
_a7 _bcbc _coclcrpl _du _encip _f19 _gy-gencatlg |
||
| 942 |
_2lcc _cMONOGRAPH |
||